Le 250e anniversaire de la mesure de l`arc du meridien en Laponie (Record no. 89989)

MARC details
000 -LEADER
fixed length control field 00735cam a2200277 4500
001 - CONTROL NUMBER
control field B278
008 - FIXED-LENGTH DATA ELEMENTS--GENERAL INFORMATION
fixed length control field 090401t1986 xxu||||| |||| 00| 0 eng d
035 ## - SYSTEM CONTROL NUMBER
System control number (Sirsi) u34762
041 ## - LANGUAGE CODE
Language code of text/sound track or separate title eng
050 ## - LIBRARY OF CONGRESS CALL NUMBER
Classification number 526.3094717
100 ## - MAIN ENTRY--PERSONAL NAME
Personal name Kakkuri, J.
245 ## - TITLE STATEMENT
Title Le 250e anniversaire de la mesure de l`arc du meridien en Laponie
260 ## - PUBLICATION, DISTRIBUTION, ETC.
Place of publication, distribution, etc. Helsinki
Name of publisher, distributor, etc. Finnish Geodetic Institute
Date of publication, distribution, etc. 1986
300 ## - PHYSICAL DESCRIPTION
Extent 64p. : ill. ; 25cm.
350 ## - PRICE (NR) (BK AM CF MU VM SE) [OBSOLETE]
Price 0
490 ## - SERIES STATEMENT
Series statement Finnish Geodetic Institute Publication
Volume/sequential designation 103
650 ## - SUBJECT ADDED ENTRY--TOPICAL TERM
Topical term or geographic name entry element ARC MEASUREMENT
650 ## - SUBJECT ADDED ENTRY--TOPICAL TERM
Topical term or geographic name entry element ARC OF MERIDIAN
650 ## - SUBJECT ADDED ENTRY--TOPICAL TERM
Topical term or geographic name entry element LAPLAND
650 ## - SUBJECT ADDED ENTRY--TOPICAL TERM
Topical term or geographic name entry element MERIDIAN
700 ## - ADDED ENTRY--PERSONAL NAME
Personal name Kukkamaki, T.J
700 ## - ADDED ENTRY--PERSONAL NAME
Personal name Levallois, J.J.
700 ## - ADDED ENTRY--PERSONAL NAME
Personal name Moritz, H.
942 ## - ADDED ENTRY ELEMENTS (KOHA)
Suppress in OPAC 0
948 ## - LOCAL PROCESSING INFORMATION (OCLC); SERIES PART DESIGNATOR (RLIN)
c (OCLC) 04/03/1997
Holdings
Withdrawn status Lost status Source of classification or shelving scheme Damaged status Not for loan Home library Current library Shelving location Date acquired Total Checkouts Full call number Barcode Date last seen Date last checked out Copy number Price effective from Koha item type
    Dewey Decimal Classification     London London Basement 14/09/1999 3 BASEMENT 30016688 06/08/2019 08/03/2004 1 06/08/2019 Book